Ennemis de Thor - Statistiques

Statistiques générales
  • Ce quiz a été pris 99 fois
  • Le résultat moyen est 5 sur 19
Statistiques - réponses
Hint Réponse % Correct
Dieu de la malice et demi-frère de Thor Loki
99%
Déesse de la mort Hela
81%
Démon enflammé dont le but est d'anéantir Asgard Surtur
46%
Etre surnommé le Boucher des Dieux Gorr
44%
Chef des Elfes Noirs Malekith
40%
Roi des Géants des Glaces Laufey / Ymir
35%
Magicienne et charmeuse asgardienne Amora / Enchanteresse / Enchantress
27%
Armure enchantée asgardienne Destructeur / Destroyer
24%
Loup libéré lors du Ragnarok Fenris
21%
Criminel qui peut absorber les propriétés de ce qu'il touche Homme-Absorbant / Absorbing-Man
20%
Protecteur et serviteur de la précédente Skurge / Exécuteur / Executioner
18%
Equipe de vilains qui détruisent tout sur leur passage Démolisseurs / Wrecking Crew / Démolisseur / Wrecker / Boulet / Thunderball / Compresseur / Piledriver / Bulldozer
13%
Vilain vert et radioactif Homme Radioactif / Radioactive Man
11%
Criminel possédant les aptitudes d'un serpent Cobra / King Cobra
6%
Monstre qui veut tuer Odin Mangog
6%
Troll des roches belliqueux Ulik
6%
Docteur qui se transforme en monstre quand il boit une potion Mister Hyde
5%
Soeur d'Amora l'Enchanteresse Lorelei
4%
Femme ayant les capacités de l'Homme-Sable Sable Mouvant / Quicksand
4%
Aucun quiz correspondant
Distribution des résultats
% des personnes avec chaque résultat
Percentile par nombre de réponses
Votre historique - résultats
Vous n’avez pas pris ce quiz